Normal view
MARC view
- Noshahi, Abu-al-Kamal Barq
Entry Personal Name
001 - CONTROL NUMBER
- control field: 16402
003 - CONTROL NUMBER IDENTIFIER
- control field: NUST
005 - DATE AND TIME OF LATEST TRANSACTION
- control field: 20190702104542.0
008 - FIXED-LENGTH DATA ELEMENTS
- fixed length control field: 190702|| aca||aabn | a|a d
040 ## - CATALOGING SOURCE
- Original cataloging agency: NUST
- Transcribing agency: NUST
100 ## - HEADING--PERSONAL NAME
- Personal name: Noshahi, Abu-al-Kamal Barq
670 ## - SOURCE DATA FOUND
- Source citation: Work cat.: (NUST): Noshahi, Abu-al-Kamal Barq, Tuhaif Noshahia /, 1982.
